01986nkc a2200313za 450000100060000000300040000600500170001000700070002700800410003404000240007524501360009924601100023526000220034530001000036750002650046750002480073250000880098054400760106860000310114461000580117565100250123365500420125871000350130085200120133585601500134794200250149795201330152299900170165584583OSt20260423103908.0kh boc250410s1909 sp ||||| ||||||0| i|spa d cM-RABAaM-RABAbspa00aMinerva acompañada de la Prudencia encamina a la Juventud al templo de la inmortalidadh[Material gráfico]c/ Francisco Sanchiz aAlegoría de Minerva acompañada de la Prudencia encaminando a la juventud al templo de la inmortalidad c[ca. 1874 - 1890] a1 fotografíab: gelatina de plata c; imagen 13,5 x 19,5 cm c; soporte secundario 24 x 30 cm aFotografía del relieve "Alegoría de Minerva acompañada de la Prudencia encaminando a la juventud al templo de la inmortalidad" de Francisco Sanchiz. Se conserva en el Museo de la Real Academia de Bellas Artes de San Fernando con nº de inventario E-136  aMontada sobre un soporte secundario de cartón, con texto manuscrito a lápiz en la parte inferior: "Francisco Sanchiz-Académico de mérito en 1779. Minerva acompañada de la prudencia encamina a la Juventud al templo de la inmortalidad" aFecha probable de la realización de la fotografía realizada por Hauser y Menet. aArchivo de la Real Academia de Bellas Artes de San Fernando (Le-4-29-1)10aSanchiz, Francisco911169024aReal Academia de Bellas Artes de San Fernando.975832 7aMadrid2embne975182 7aFotografías de obras de arte9756752 aHauser y Menet (Madrid)950978 jFot-609 3Fot-609uhttps://archivoybiblioteca.realacademiabellasartessanfernando.com/cgi-bin/koha/opac-retrieve-file.pl?id=4e10d944a09a6a311aa05b00d4064c72 2ddccFOTOGRAFÍAn0 00102ddc40708FOTOGRAFIAaRABASFbRABASFcDP2d2025-04-28l0oFot-609p1095466r2025-04-28 11:14:02w2025-04-28yFOTOGRAFÍA c84583d84583